Sports Quiz

Random Sports or Play Quiz
Score 0/10 Timer 02:00
0 Plays Today
Team (League) Borough or Town % Correct
New York Yankees (MLB)The Bronx, New York
90.2%
New York Knicks (NBA)Manhattan, New York
84.3%
New York Mets (MLB)Queens, New York
84.2%
New York Rangers (NHL)Manhattan, New York
76.3%
New York Giants (NFL)East Rutherford, New Jersey
61.9%
New York Jets (NFL)East Rutherford, New Jersey
59.5%
New York City FC (MLS)The Bronx, New York
57.1%
New York Liberty (WNBA)Manhattan, New York
24.5%
New York Islanders (NHL)Brooklyn, New York
21.8%
New York Red Bulls (MLS)Harrison, New Jersey
11.2%

You're not logged in!

Compare scores with friends on all Sporcle quizzes.
OR
Log In

Sporcle TV

Today on Sporcle TV


Watch our educational content, quiz creation guides, and fun videos on Sporcle TV.

Show Comments

Extras

Top Quizzes Today


Score Distribution

Paid Content

Your Account Isn't Verified!

In order to create a playlist on Sporcle, you need to verify the email address you used during registration. Go to your Sporcle Settings to finish the process.

Report this User

Report this user for behavior that violates our Community Guidelines.

Details: